Statistics sources :

محفوظ في:

المؤلف الرئيسي: Wasserman, Paul.

التنسيق: كتاب

اللغة: Undetermined

منشور في: Detroit : Gale Research Co., 1989.

الموضوعات:

الوسوم: إضافة وسم

لا توجد وسوم, كن أول من يضع وسما على هذه التسجيلة!

رقم الطلب: (Ref.) HA36 .S84 v.1-2

LEADER 00696nam a2200169Ia 4500
008 220712s9999||||xx |||||||||||||| ||und||
050 4 |a (Ref.) HA36 .S84 v.1-2 
100 1 |a Wasserman, Paul. 
245 1 0 |a Statistics sources : 
264 1 |a Detroit :  |b Gale Research Co.,  |c 1989. 
300 |a v. :  |b  ;  |c 29cm. 
555 4 |o (Ref.) HA36 .S84 v.1-2 
650 |a Statistics Bibliography. 
650 4 |a Statistics Indexes. 
952 |0 0  |1 0  |2 lcc  |3 V.1  |4 0  |7 1  |9 41835  |a ARCE  |b ARCE  |d 2022-07-21  |l 0  |o (Ref.) HA36 .S84 v.1-2  |p 1038542  |r 2022-07-21 00:00:00  |w 2022-07-21  |y BK 
952 |0 0  |1 0  |2 lcc  |3 V.2  |4 0  |7 1  |9 50700  |a ARCE  |b ARCE  |d 2023-10-17  |l 0  |o (Ref.) HA36 .S84 v.1-2  |p 1038543  |r 2023-10-17 00:00:00  |w 2023-10-17 
999 |c 48814  |d 48814